|
|
|
|
| LEADER |
00978nam a2200265 4500 |
| 001 |
c000073560 |
| 003 |
CARM |
| 005 |
00000000000000.0 |
| 008 |
700501s1969 enk 00011 eng |
| 015 |
|
|
|a B69-28888
|
| 019 |
1 |
|
|a 203116
|5 LACONCORD2021
|
| 020 |
|
|
|a 718106970
|
| 035 |
|
|
|a (OCoLC)69769
|5 LACONCORD2021
|
| 050 |
0 |
0 |
|a PZ3.D1373
|b Tw
|a PR6054.A35
|
| 100 |
1 |
|
|a Dahl, Roald.
|
| 245 |
1 |
|
|a Twenty-nine kisses from Roald Dahl.
|
| 260 |
|
|
|a London,
|b Michael Joseph Ltd.,
|c 1969.
|
| 300 |
|
|
|a 442 p.
|c 23 cm.
|
| 500 |
|
|
|a Consists of the stories from Someone like you, London, Secker, & Warburg, 1956; and Kiss, kiss, 1960.
|
| 700 |
1 |
2 |
|a Dahl, Roald
|t Someone like you.
|
| 700 |
1 |
2 |
|a Dahl, Roald
|t Kiss, kiss.
|
| 852 |
8 |
|
|b CARM
|h A2:AB15B0
|i B02438
|p 0104122
|f BK
|
| 082 |
0 |
4 |
|a 823/.9/14
|
| 999 |
f |
f |
|i 48f53044-4fc9-58c0-a649-1a967f5119f5
|s d658fac0-7db9-5a35-b085-9e03c4110b48
|
| 952 |
f |
f |
|p Can circulate
|a CAVAL
|b CAVAL
|c CAVAL
|d CARM 1 Store
|e B02438
|f A2:AB15B0
|h Other scheme
|i book
|m 0104122
|